|
|
|
|
| LEADER |
00000naa2a2200000 4500 |
| 001 |
612346 |
| 005 |
20260422114154.0 |
| 035 |
|
|
|a (RuTPU)RU\TPU\conf\10467
|
| 035 |
|
|
|a RU\TPU\conf\10466
|
| 090 |
|
|
|a 612346
|
| 100 |
|
|
|a 20150611d2015 k y0rusy50 ca
|
| 101 |
0 |
|
|a rus
|
| 102 |
|
|
|a RU
|
| 135 |
|
|
|a drcn ---uucaa
|
| 181 |
|
0 |
|a i
|
| 182 |
|
0 |
|a b
|
| 200 |
1 |
|
|a Исследование датчиков рН и удельной электрической проводимости фирмы WTW в системе автоматизированного контроля качества очистки сточных вод
|f А. Л. Хуснулина
|g науч. рук. Р. В. Сазонов
|
| 203 |
|
|
|a Текст
|c электронный
|
| 225 |
1 |
|
|a Неразрушающий контроль и диагностика в производственной и социальной сферах
|
| 300 |
|
|
|a Заглавие с титульного экрана
|
| 320 |
|
|
|a [Библиогр.: с. 321 (7 назв.)]
|
| 337 |
|
|
|a Adobe Reader
|
| 463 |
|
1 |
|0 (RuTPU)RU\TPU\conf\10353
|t Ресурсоэффективным технологиям - энергию и энтузиазм молодых
|o сборник научных трудов VI Всероссийской конференции, г. Томск, 22-24 апреля 2015 г.
|f Национальный исследовательский Томский политехнический университет (ТПУ)
|v [С. 315-321]
|d 2015
|
| 610 |
1 |
|
|a труды учёных ТПУ
|
| 610 |
1 |
|
|a электронный ресурс
|
| 610 |
1 |
|
|a датчики
|
| 610 |
1 |
|
|a pH
|
| 610 |
1 |
|
|a электрическая проводимость
|
| 610 |
1 |
|
|a автоматизированный контроль
|
| 610 |
1 |
|
|a качество
|
| 610 |
1 |
|
|a очистка
|
| 610 |
1 |
|
|a сточные воды
|
| 700 |
|
1 |
|a Хуснулина
|b А. Л.
|c химик-технолог
|c инженер Томского политехнического университета
|f 1992-
|g Алена Леонидовна
|3 (RuTPU)RU\TPU\pers\32389
|
| 702 |
|
1 |
|a Сазонов
|b Р. В.
|c физик
|c старший научный сотрудник Томского политехнического университета, старший преподаватель
|f 1984-
|g Роман Владимирович
|4 727
|
| 712 |
0 |
2 |
|a Национальный исследовательский Томский политехнический университет (ТПУ)
|b Институт физики высоких технологий (ИФВТ)
|b Лаборатория № 1
|3 (RuTPU)RU\TPU\col\19035
|
| 801 |
|
2 |
|a RU
|b 63413507
|c 20210119
|g RCR
|
| 856 |
4 |
|
|u http://earchive.tpu.ru/handle/11683/19430
|
| 856 |
4 |
|
|u http://www.lib.tpu.ru/fulltext/c/2015/C08/088.pdf
|
| 942 |
|
|
|c BK
|